| 000 | 00760nac a22002051u 4500 | ||
|---|---|---|---|
| 008 | 100905t xxu||||| |||| 00| 0 eng d | ||
| 010 | _a 63020631 | ||
| 035 | _a(OCoLC)563204 | ||
| 082 |
_a621.55 _bGUT |
||
| 100 |
_aGuthrie, Andrew, _917849 |
||
| 245 | 1 | 0 |
_aVacuum Technology / _cAndrew Guthrie |
| 260 |
_aNew York, _bWiley, _c[c1963] |
||
| 300 |
_axii, 532 p. : _bill., diagrs. ; _c24 cm. |
||
| 500 | _aDonations. | ||
| 500 | _aDonations - Bibliotheca Alexandrina. | ||
| 504 | _aBibliography: p. 515-522. | ||
| 650 | 0 |
_aVacuum technology. _917850 |
|
| 942 |
_cBB _k621.55GUT _2ddc |
||
| 999 |
_c3499 _d3499 |
||